000 00819nam a2200217 a 4500
999 _c6148
_d6148
001 6148
003 BD-JhCC
005 20220811134024.0
008 180114s2011 bg ||||| |||| 00| 0 mul d
035 _a(BD-JhCC)6148
040 _aBD-JhCC
_dBD-JhCC
041 _amul
082 _a297.124
_bAJM 2010
100 _aআ'জমী (রঃ), মাওলানা নূর মোহাম্মদ
245 _aমেশ্কাত শরীফ :
_bবঙ্গানুবাদ ও ব্যাখ্যাসহ /
_cমাওলানা নূর মোহাম্মদ আ'জমী (রঃ)
260 _aঢাকা :
_bএমদাদিয়া পুস্তকালয় (প্রাঃ) লি,
_c2010.
300 _a137 p. :
_c26 cm.
650 _aHadith
942 _2ddc
_cBK
_012